00470nam a2200157 a 450000500170000000800410001702000150005804100080007310000180008124500370009925000120013626000510014830000110019950000900021065500120030020241202085802.0 t1988||||ag f |||| 001 0 spa d a9505163208 aspa1 aBunge, Mario. aÉtica y ciencia /cMario Bunge a3a ed.  aBuenos Aires: bEdiciones Siglo Veinte;c1988. a111 p. aBunge, M. (1988). Ética y ciencia. (3a ed.). Buenos Aires : Ediciones Siglo Veinte. aÉtica